000
00317nam a22001097a 4500
999
_c
109582
_d
109582
005
20181214110452.0
008
181214b ||||| |||| 00| 0 eng d
040
_c
PK-LaUMT
082
_a
RHC 297.86
_b
JAM-
245
_a
Jamaat e Islami mutfariqaat , reports(جماعت اسلامی متفرقات)/۔۔۔
942
_c
BK